Pays d'Afrique (Au complet) - Mort subite - Statistiques

Statistiques générales
  • Ce quiz a été pris 519 fois
    108 depuis la dernière actualisation
  • Le résultat moyen est 39 sur 50
Answers on the Grid
Answers color-coded by a green-red scale on the quiz's grid according to % correct below.
France
Brésil
Chili
Australie
Afghanistan
Finlande
Maroc
Algérie
Tunisie
Lybie
Égypte
Mauritanie
Cap vert
Mali
Niger
Tchad
Soudan
Éthiopie
Érythrée
Djibouti
Somalie
Senegal
Gambie
Côte d'ivoire
Liberia
Burkina faso
Nigeria
Sierra leone
Ghana
Guinée
Guinée bissau
Guinée équatoriale
Togo
Benin
Cameroun
Gabon
Sao Tomé-et-Principe
Angola
Namibie
Afrique du sud
Lesotho
Eswatini
Botswana
Zambie
Zimbabwe
Mozambique
Tanzanie
Kenya
Rwanda
Burundi
République Démocratique du Congo
République Centrafrique
Madagascar
Islande
Grenade
Saint-Vincent et les Grenadines
Rhode Island
Maine
Comores
Maurice
Seychelles
Koweit
Honduras
Montenegro
Danemark
Indonésie
Oman
Azerbaidjan
Japon
Irlande
Mexique
Barbade
Kosovo
Turkménistan
Corée du Nord
Pologne
Albanie
Malte
Philipines
Islande
Mongolies
Kazakhstan
Moldavie
Belize
Nouvelle zélande
Fidji
Micronésie
Vanuatu
Kiribati
Taiwan
 
Statistiques - réponses
Réponse % Correct
Ghana
90%
République Démocratique du Congo
90%
Afrique du sud
88%
Senegal
88%
Somalie
88%
Togo
88%
Cameroun
86%
Benin
84%
Égypte
84%
Gabon
84%
République Centrafrique
84%
Angola
82%
Côte d'ivoire
82%
Guinée
82%
Niger
82%
Soudan
82%
Tanzanie
82%
Tchad
82%
Cap vert
80%
Éthiopie
80%
Guinée bissau
80%
Guinée équatoriale
80%
Kenya
80%
Lybie
80%
Maroc
80%
Namibie
80%
Nigeria
80%
Rwanda
80%
Tunisie
80%
Zimbabwe
80%
Botswana
78%
Érythrée
78%
Gambie
78%
Mali
78%
Zambie
78%
Algérie
76%
Comores
76%
Djibouti
76%
Burkina faso
75%
Mauritanie
75%
Mozambique
75%
Eswatini
73%
Madagascar
73%
Burundi
71%
Lesotho
69%
Maurice
67%
Liberia
65%
Sierra leone
63%
Sao Tomé-et-Principe
61%
Seychelles
59%
Aucun quiz correspondant
Distribution des résultats
% des personnes avec chaque résultat
Percentile par nombre de réponses
Votre historique - résultats
Vous n’avez pas pris ce quiz depuis la dernière actualisation